000 00577nam a22001697a 4500
005 20251108164321.0
008 250721s1991 xx 000 0 ara d
082 1 4 _a811.6371/قيس
100 1 _aإبن القيسراني، شرف الدين أبو عبد الله محمد
245 1 0 _aشعر إبن القيسراني /
264 1 _aالزرقاء :
_bالوكالة العربية للتوزيع،
_c1991.
300 _a572ص.
650 1 7 _aالشعر العربي
700 1 _aمحمد، عادل جابر صالح
_eتحقيق
942 _2ddc
_cREF
999 _c9159
_d9159